000 00339nam a2200145Ia 4500
008 230718s9999 xx 000 0 und d
041 _aEng.
082 _a343.052
_bMAH-M
100 _aMahmood Zahid
245 0 _amanual of insurance law
260 _aPakistan
_bNational law book
_c2003
300 _a632
650 _aLaw
999 _c29769
_d29769